Pokémon - Attacken von Bisaflor in KA/PU - Statistiken

Allgemein
  • Dieses Quiz wurde 18 mal gespielt
  • Das Durchschnittsergebnis liegt bei 20 aus 61
Antwortstatistiken
Antwort % Korrekt
Rankenhieb
100%
Rasierblatt
100%
Tackle
100%
Giftpuder
92%
Schlafpuder
92%
Solarstrahl
85%
Egelsamen
77%
Heuler
77%
Sonnentag
69%
Erdbeben
54%
Flora-Statue
54%
Matschbombe
54%
Toxin
54%
Blütenwirbel
46%
Erholung
46%
Fluch
46%
Gigasauger
46%
Synthese
46%
Blättersturm
38%
Blättertanz
38%
Bodycheck
38%
Bodyslam
38%
Hyperstrahl
38%
Wachstum
38%
Charme
31%
Risikotackle
31%
Schutzschild
31%
Zauberblatt
31%
Blattgeißel
23%
Energieball
23%
Gifthieb
23%
Giftschock
23%
Grasfeld
23%
Pflanzensäulen
23%
Samenbomben
23%
Samenbomben
23%
Brüller
15%
Dampfwalze
15%
Erdkräfte
15%
Gigastoß
15%
Grasrutsche
15%
Lockduft
15%
Säurespeier
15%
Schlafrede
15%
Schwerttanz
15%
Sorgensamen
15%
Abschlag
8%
Amnesie
8%
Ausdauer
8%
Delegator
8%
Fassade
8%
Fruststampfer
8%
Grimasse
8%
Kugelsaat
8%
Meteorologe
8%
Rechte Hand
8%
Strauchler
8%
Tera-Ausbruch
8%
Trugschlag
8%
Verwurzler
8%
Wegbereiter
8%
Keine übereinstimmenden Quizze gefunden
Verteilung der Resultate
Anzahl Personen mit jedem Resultat
Perzentil nach korrekt beantworteten Fragen
Ihre Resultats-Entwicklung
Sie haben dieses Quiz noch nicht gespielt